[Event "Superettan(Vaxjo-Vasteras II)"]
[Site "?"]
[Date "2022.10.14"]
[Round "1"]
[White "Makrai Andersson, Marcus"]
[Black "Olofsson-Dolk, Mattis"]
[Result "0-1"]
[WhiteElo "1587"]
[BlackElo "2216"]
[PlyCount "94"]
[SourceVersionDate "2022.11.01"]

1. e4 c5 2. Nf3 d6 3. d4 cxd4 4. Nxd4 Nf6 5. Nc3 a6 6. Bg5 e6 7. f4 Be7 8. Qf3
Qc7 9. O-O-O Nbd7 10. Bd3 b5 11. Rhe1 Bb7 12. Nd5 Nxd5 13. exd5 Bxg5 14. Rxe6+
Kd8 15. fxg5 Ne5 16. Qe4 Kc8 17. Rxe5 dxe5 18. Nf5 Rd8 19. Ne3 Kb8 20. Qxh7 g6
21. Be4 Ka7 22. Qg7 Rac8 23. Rd2 Rd7 24. Qf6 Qb6 25. Qxb6+ Kxb6 26. Ng4 Rcd8
27. Nf6 Rd6 28. b4 Rc8 29. a3 a5 30. bxa5+ Kxa5 31. Rd3 Rc4 32. Bf3 Rxf6 33.
gxf6 e4 34. Bxe4 Rxe4 35. d6 Re8 36. g4 Kb6 37. Kb2 Rd8 38. g5 Kc5 39. Re3 Kxd6
40. Rd3+ Kc7 41. Rc3+ Kb6 42. Rh3 Bd5 43. Rd3 Kc5 44. c3 Rh8 45. Rd2 Rh5 46.
Rf2 Rxg5 47. Kc2 Rg2 0-1

[Event "Superettan(Kamraterna-Rock., Sthlm II)"]
[Site "?"]
[Date "2022.10.14"]
[Round "1"]
[White "Svenn, Matti"]
[Black "Sandbom, Jonas"]
[Result "1/2-1/2"]
[WhiteElo "2185"]
[BlackElo "2105"]
[PlyCount "48"]
[SourceVersionDate "2022.10.31"]

1. e4 e5 2. Nf3 Nc6 3. Bb5 a6 4. Ba4 Nf6 5. O-O Nxe4 6. d4 b5 7. Bb3 d5 8. dxe5
Be6 9. Qe2 Bc5 10. Be3 O-O 11. Rd1 Na5 12. Nbd2 Bxe3 13. Qxe3 Nxd2 14. Rxd2
Nxb3 15. axb3 Qe7 16. c3 c5 17. Ne1 Rfd8 18. Nc2 a5 19. Qe2 Qb7 20. Rad1 b4 21.
cxb4 axb4 22. Ne3 Qa6 23. Qxa6 Rxa6 24. Rc2 d4 1/2-1/2

[Event "Superettan(Vaxjo-Vasteras II)"]
[Site "?"]
[Date "2022.10.14"]
[Round "1"]
[White "Lindborg, Patrik"]
[Black "Friebe, Rasmus"]
[Result "1-0"]
[WhiteElo "2160"]
[BlackElo "1420"]
[PlyCount "53"]
[SourceVersionDate "2022.11.01"]

1. d4 f5 2. c4 Nf6 3. Nc3 g6 4. Nf3 Bg7 5. Bf4 O-O 6. e3 d6 7. c5 d5 8. h3 c6
9. Bd3 Ne4 10. Qb3 Qa5 11. O-O Nxc3 12. bxc3 Nd7 13. c4 e6 14. Rad1 Nf6 15. Ne5
Ne4 16. Rfe1 Nd2 17. Qc2 Nxc4 18. Bxc4 dxc4 19. Nxc4 Qd8 20. Rb1 Rf7 21. Qa4
Qd5 22. Nb6 axb6 23. Qxa8 Rf8 24. Bd6 Re8 25. Rxb6 e5 26. Rxb7 exd4 27. Re7 1-0

[Event "Superettan(Upsala-SS 4 Springare)"]
[Site "?"]
[Date "2022.10.14"]
[Round "1"]
[White "Malm Lindberg, Henrik"]
[Black "Jakenberg, Jussi"]
[Result "1/2-1/2"]
[WhiteElo "2133"]
[BlackElo "2114"]
[PlyCount "55"]
[SourceVersionDate "2022.10.30"]

1. e4 e5 2. Nf3 Nc6 3. Nc3 Nf6 4. d4 exd4 5. Nxd4 Bb4 6. Nxc6 bxc6 7. Bd3 O-O
8. O-O d5 9. exd5 Bg4 10. f3 Bh5 11. g4 Bg6 12. Bxg6 hxg6 13. dxc6 Bxc3 14.
Qxd8 Rfxd8 15. bxc3 Rd6 16. Rb1 Rxc6 17. Rb3 Nd5 18. Bd2 Rd8 19. Rfb1 Nb4 20.
Bg5 f6 21. Rxb4 fxg5 22. Rb8 Rxb8 23. Rxb8+ Kf7 24. Rb3 Ra6 25. Rb7 Rc6 26. Rb3
Ra6 27. Rb7 Rc6 28. Rb3 1/2-1/2

[Event "Superettan(Kamraterna-Rock., Sthlm II)"]
[Site "?"]
[Date "2022.10.14"]
[Round "1"]
[White "Narva, David"]
[Black "Borvander, Tom"]
[Result "1-0"]
[WhiteElo "2000"]
[BlackElo "2098"]
[PlyCount "89"]
[SourceVersionDate "2022.10.31"]

1. e4 e5 2. Nf3 Nc6 3. Bb5 a6 4. Ba4 Nf6 5. d3 b5 6. Bb3 Bc5 7. O-O d6 8. c3
O-O 9. Re1 h6 10. Nbd2 Be6 11. Nf1 Re8 12. Bxe6 fxe6 13. d4 exd4 14. cxd4 Bb4
15. Bd2 Bxd2 16. N1xd2 Qd7 17. a4 Ne7 18. Qc2 Rec8 19. Rec1 c5 20. axb5 cxd4
21. Qb3 axb5 22. Rxa8 Rxa8 23. Nxd4 d5 24. e5 Ne8 25. h3 Nc7 26. Qb4 Ne8 27. b3
Rb8 28. Rc5 Nc7 29. Rc1 Ne8 30. Ra1 Nc6 31. Nxc6 Qxc6 32. Nf3 Qc7 33. Qg4 Qb6
34. Nd4 Nc7 35. Rc1 Re8 36. Rc6 Qa5 37. Kh2 Re7 38. Nxe6 Nxe6 39. Rxe6 Qc7 40.
f4 Rf7 41. Re8+ Kh7 42. f5 Qc6 43. Rd8 Ra7 44. Rd6 Qe8 45. Qg6+ 1-0

[Event "Superettan(Upsala-SS 4 Springare)"]
[Site "?"]
[Date "2022.10.14"]
[Round "1"]
[White "Religa, Marek"]
[Black "Styf, Josef"]
[Result "1/2-1/2"]
[WhiteElo "1748"]
[BlackElo "2054"]
[PlyCount "41"]
[SourceVersionDate "2022.10.30"]

1. e4 d6 2. c4 Nf6 3. Nc3 g6 4. g3 Bg7 5. Bg2 O-O 6. Nge2 c6 7. O-O Nbd7 8. d4
e5 9. h3 Re8 10. Be3 exd4 11. Bxd4 Qc7 12. Rc1 b6 13. b4 Bb7 14. b5 c5 15. Bxf6
Nxf6 16. Qc2 Qe7 17. f3 Nd7 18. Rcd1 Ne5 19. Nf4 Qg5 20. Nce2 Qe7 21. Nc3
1/2-1/2

[Event "Superettan(Kamraterna-Rock., Sthlm II)"]
[Site "?"]
[Date "2022.10.14"]
[Round "1"]
[White "Madebrink, Lars"]
[Black "Ekenberg, Ulf"]
[Result "0-1"]
[WhiteElo "2095"]
[BlackElo "2010"]
[PlyCount "108"]
[SourceVersionDate "2022.10.31"]

1. d4 f5 2. Nf3 Nf6 3. c4 e6 4. g3 d5 5. Bg2 c6 6. Qc2 Bd6 7. O-O O-O 8. b3 Qe7
9. Bb2 b6 10. Nbd2 Ne4 11. Ne5 Nxd2 12. Qxd2 Bxe5 13. dxe5 Bb7 14. Rac1 dxc4
15. Rxc4 Rd8 16. Qc2 c5 17. e4 f4 18. Rd1 fxg3 19. hxg3 Ba6 20. Rc3 Nc6 21. Rf3
Nb4 22. Qb1 Be2 23. Rd6 Bxf3 24. Bxf3 Rac8 25. Qd1 Na6 26. Bg4 Nc7 27. Kg2 Kf8
28. Qf3+ Ke8 29. Qf4 Qf7 30. Qg5 Rd7 31. Rxd7 Kxd7 32. f4 Qg6 33. Qxg6 hxg6 34.
f5 Ke7 35. f6+ Kf7 36. Be2 Rd8 37. Bc3 Ne8 38. fxg7 Kxg7 39. Kf3 Nc7 40. Ke3
Rh8 41. b4 Rh3 42. Kf3 Rh1 43. bxc5 bxc5 44. Ba5 Na8 45. Bd8 Kf7 46. a4 Ra1 47.
Bb5 Nb6 48. Bc7 Ra3+ 49. Kf4 Nxa4 50. Bd6 Nc3 51. Bc4 Ra4 52. Bd3 c4 53. Bf1
Nb1 54. Kg5 Nd2 0-1

[Event "Superettan(Upsala-SS 4 Springare)"]
[Site "?"]
[Date "2022.10.14"]
[Round "1"]
[White "Bernhard, Jonathan"]
[Black "Horta, Hector"]
[Result "1-0"]
[WhiteElo "1992"]
[BlackElo "1858"]
[PlyCount "103"]
[SourceVersionDate "2022.10.30"]

1. e4 g6 2. d4 Bg7 3. Nc3 c5 4. dxc5 Bxc3+ 5. bxc3 Qa5 6. Qd4 Nf6 7. Qb4 Nc6 8.
Qxa5 Nxa5 9. Bd3 Nc6 10. Nf3 Nd8 11. O-O O-O 12. Re1 Kg7 13. h3 Nc6 14. Bf4 Re8
15. Bh2 h6 16. Nd2 Nd8 17. a4 Ne6 18. Nb3 g5 19. a5 Nf4 20. Bxf4 gxf4 21. Nd4
d6 22. cxd6 exd6 23. Nb5 Rd8 24. Nc7 Rb8 25. Ra4 Bd7 26. Rd4 Rbc8 27. Nd5 Nxd5
28. Rxd5 Be6 29. Rb5 Rc7 30. Reb1 Bc8 31. c4 Kf6 32. Kf1 a6 33. Rh5 Kg6 34. Rd5
Kg7 35. e5 Rc6 36. Rb6 Rxb6 37. axb6 Be6 38. Rd4 f3 39. exd6 fxg2+ 40. Kxg2 Kf8
41. Be4 Rb8 42. c5 Ke8 43. f4 Bd7 44. Rd5 Be6 45. Re5 Kd8 46. f5 Bc4 47. Bxb7
Rxb7 48. c6 Rxb6 49. c7+ Kd7 50. Re7+ Kxd6 51. c8=Q Bd5+ 52. Kg3 1-0

[Event "Superettan(Orgryte-Lulea)"]
[Site "?"]
[Date "2022.10.14"]
[Round "1"]
[White "Martirosyan, Haik M"]
[Black "Vitenberg, Noam Aviv"]
[Result "1-0"]
[WhiteElo "2666"]
[BlackElo "2337"]
[PlyCount "111"]
[EventDate "2022.??.??"]
[SourceVersionDate "2022.11.01"]

1. d4 d5 2. c4 e6 3. Nf3 Nf6 4. Nc3 Bb4 5. Bg5 h6 6. Bxf6 Qxf6 7. Qa4+ Nc6 8.
e3 O-O 9. Be2 dxc4 10. O-O Bd6 11. Qxc4 e5 12. d5 Nb8 13. Ne4 Qe7 14. Rac1 Bf5
15. Nxd6 cxd6 16. Qc7 Nd7 17. Nd2 Rac8 18. Qxb7 Rb8 19. Qxa7 Rxb2 20. Rfd1 Rfb8
21. e4 R2b7 22. Qe3 Bg6 23. Nc4 Ra8 24. Rd2 Qf8 25. f3 Qb8 26. Rdc2 Kh7 27. h4
Rba7 28. Rb2 Qf8 29. Rcc2 Qe7 30. Qf2 f5 31. exf5 Bxf5 32. Rd2 Nc5 33. Bf1 Rd8
34. Rb6 Rc7 35. Rc6 e4 36. Ne3 Bg6 37. h5 Bxh5 38. Nf5 Qd7 39. g4 Rf8 40. Rxd6
Qe8 41. Qg3 Rcf7 42. Rc6 Rxf5 43. gxf5 Rxf5 44. f4 Qf8 45. Bg2 Rxf4 46. Rf2 Bf3
47. Rxc5 Rg4 48. Qxg4 Qxc5 49. Bxf3 Qc1+ 50. Kh2 exf3 51. Qxf3 Qc5 52. Qf4 h5
53. d6 Qc6 54. d7 Qb6 55. Rd2 Qd8 56. Qe4+ 1-0

[Event "Superettan(Burgsvik-Orebro)"]
[Site "?"]
[Date "2022.10.14"]
[Round "1"]
[White "Gruvaeus, Curt"]
[Black "Haitin, Ilja"]
[Result "1/2-1/2"]
[WhiteElo "2231"]
[BlackElo "2321"]
[PlyCount "76"]
[SourceVersionDate "2022.10.30"]

1. Nf3 Nf6 2. c4 e6 3. g3 a6 4. Bg2 b5 5. b3 Bb7 6. O-O c5 7. Bb2 Be7 8. d4
bxc4 9. bxc4 cxd4 10. Nbd2 Qc7 11. Bxd4 d6 12. Rb1 Bc6 13. Bb6 Qc8 14. h3 Nbd7
15. Bd4 O-O 16. Qc2 Qc7 17. e4 Rab8 18. Rxb8 Rxb8 19. Rb1 e5 20. Be3 Rb7 21.
Ne1 Bd8 22. Nd3 Qb8 23. Rxb7 Qxb7 24. Qb3 Ba5 25. Qxb7 Bxb7 26. Nb3 Bc3 27. f3
Kf8 28. Kf2 a5 29. Bf1 a4 30. Nd2 Ke7 31. Nb1 Ba5 32. Na3 Bc6 33. Be2 Ne8 34.
Bd1 Nc7 35. Nc2 Na6 36. Na3 Nc7 37. Nc2 Na6 38. Na3 Nc7 1/2-1/2

[Event "Superettan(Orgryte-Lulea)"]
[Site "?"]
[Date "2022.10.14"]
[Round "1"]
[White "Frisk Kockum, Anton"]
[Black "Ernst, Thomas"]
[Result "0-1"]
[WhiteElo "2328"]
[BlackElo "2305"]
[PlyCount "114"]
[SourceVersionDate "2022.11.01"]

1. d4 Nf6 2. c4 g6 3. Nc3 d5 4. cxd5 Nxd5 5. Bd2 Nb6 6. e3 Bg7 7. f4 O-O 8. Nf3
c5 9. dxc5 N6d7 10. Na4 e5 11. Bc3 exf4 12. Bxg7 Kxg7 13. Qd4+ Kg8 14. O-O-O
fxe3 15. Bc4 Nc6 16. Qxe3 Qf6 17. Rhe1 Qg7 18. Nc3 Nf6 19. Ne4 Nxe4 20. Qxe4
Bf5 21. Qf4 Na5 22. Bd3 Bxd3 23. Rxd3 Rac8 24. Rc3 b6 25. Re7 Nc6 26. Rd7 bxc5
27. Kb1 Nd4 28. Nxd4 cxd4 29. Rxc8 Rxc8 30. Rxd4 Qf8 31. Rd7 Qe8 32. Rd1 Qe2
33. Qd2 Qe4+ 34. Ka1 Rc2 35. Qh6 Qe8 36. Qg5 Kg7 37. Qd5 Qb8 38. Qd4+ Kg8 39.
Qd8+ Qxd8 40. Rxd8+ Kg7 41. a4 Rxg2 42. a5 Rxh2 43. Rd7 a6 44. Ra7 Rh5 45. Rxa6
Rb5 46. Ka2 h5 47. Ka3 h4 48. b4 h3 49. Rc6 g5 50. Ka4 Rb8 51. a6 h2 52. Rc1 g4
53. b5 g3 54. a7 Ra8 55. b6 g2 56. Rc8 g1=Q 57. Rxa8 h1=Q 0-1

[Event "Superettan(Burgsvik-Orebro)"]
[Site "?"]
[Date "2022.10.14"]
[Round "1"]
[White "Schandorff, Lars"]
[Black "Lundin, Jan"]
[Result "1-0"]
[WhiteElo "2476"]
[BlackElo "2199"]
[PlyCount "109"]
[SourceVersionDate "2022.10.30"]

1. d4 Nf6 2. Nf3 e6 3. Bf4 c5 4. e3 d5 5. c3 Nc6 6. Nbd2 cxd4 7. cxd4 Nh5 8.
Be5 f6 9. Bg3 g6 10. Bd3 Bd7 11. a3 Rc8 12. Bh4 Be7 13. O-O O-O 14. Re1 Be8 15.
g4 g5 16. gxh5 gxh4 17. Nxh4 f5 18. Ng2 Bd6 19. f4 Qb6 20. Qb3 Bxh5 21. Qxb6
axb6 22. Rac1 Na5 23. Kf2 h6 24. Nh4 Kf7 25. Nhf3 Bxf3 26. Kxf3 Rg8 27. Kf2 Kf6
28. Bb5 Ke7 29. Rg1 Rxc1 30. Rxc1 Ra8 31. Rc2 Kd8 32. b4 Nc6 33. Bxc6 bxc6 34.
Rxc6 Kd7 35. Rc3 Rg8 36. Nf3 Ra8 37. Ke2 Rg8 38. Kd3 Rg2 39. Rc2 Rg8 40. Kc3 b5
41. Kb3 Ke7 42. Ra2 Rc8 43. Rg2 Rc1 44. Rg1 Rc6 45. Rg6 Rc1 46. Rxh6 Rd1 47.
Kc2 Ra1 48. Kb2 Rf1 49. Ng5 Kd7 50. Nxe6 Re1 51. Nc5+ Bxc5 52. bxc5 Re2+ 53.
Kc3 Rxe3+ 54. Kb4 Re4 55. c6+ 1-0

[Event "Superettan(Orgryte-Lulea)"]
[Site "?"]
[Date "2022.10.14"]
[Round "1"]
[White "Wulkan, Martin"]
[Black "Olsson, William"]
[Result "0-1"]
[WhiteElo "2262"]
[BlackElo "2288"]
[PlyCount "72"]
[SourceVersionDate "2022.11.01"]

1. d4 d5 2. c4 e6 3. Nc3 c6 4. cxd5 exd5 5. Bf4 Bf5 6. f3 Nf6 7. g4 Bg6 8. h4
h5 9. g5 Nfd7 10. e3 Nb6 11. Bd3 Bxd3 12. Qxd3 Na6 13. g6 f6 14. Rh2 Qd7 15.
O-O-O O-O-O 16. Nge2 Nc7 17. Kb1 Ne6 18. Bg3 Bd6 19. f4 Rde8 20. Rc1 Nc7 21. e4
dxe4 22. Nxe4 Ncd5 23. Nxd6+ Qxd6 24. f5 Qe7 25. Qb5 Ne3 26. Nf4 Qe4+ 27. Ka1
Nec4 28. Qc5 Qe3 29. Ne2 Qd2 30. Rb1 Rxe2 31. Rxe2 Qxe2 32. b3 Qd3 33. Be1 Ne3
34. Rc1 Nxf5 35. Bc3 Rd8 36. a3 Nxd4 0-1

[Event "Superettan(Burgsvik-Orebro)"]
[Site "?"]
[Date "2022.10.14"]
[Round "1"]
[White "Nygren, Kim"]
[Black "Larsson, Victor"]
[Result "1/2-1/2"]
[WhiteElo "2227"]
[BlackElo "2188"]
[PlyCount "40"]
[SourceVersionDate "2022.10.30"]

1. e4 c5 2. Nf3 Nc6 3. Bb5 g6 4. O-O Bg7 5. c3 Nf6 6. e5 Nd5 7. d4 cxd4 8. cxd4
O-O 9. Nc3 Nc7 10. Ba4 d6 11. Bxc6 bxc6 12. Re1 Bg4 13. h3 Bxf3 14. Qxf3 Ne6
15. Be3 dxe5 16. dxe5 Qc7 17. Rac1 Bxe5 18. Nd5 Qd7 19. Rxc6 Kh8 20. Rc2 Bg7
1/2-1/2

[Event "Superettan(Orgryte-Lulea)"]
[Site "?"]
[Date "2022.10.14"]
[Round "1"]
[White "Torngren, Gustav"]
[Black "Marklund, Niklas"]
[Result "1-0"]
[WhiteElo "2235"]
[BlackElo "2184"]
[PlyCount "117"]
[SourceVersionDate "2022.11.01"]

1. Nf3 Nf6 2. c4 g6 3. Nc3 Bg7 4. e4 d6 5. d4 O-O 6. Be2 Bg4 7. Be3 Nfd7 8. Qd2
Nc6 9. Ng1 Bxe2 10. Ngxe2 e5 11. d5 Ne7 12. g4 f5 13. gxf5 gxf5 14. f3 Ng6 15.
O-O-O Nh4 16. Rhf1 f4 17. Bg1 Rf6 18. Kb1 Rg6 19. a3 Qe7 20. Nb5 Nb6 21. Rc1 a6
22. c5 dxc5 23. Bxc5 Qd7 24. Bxb6 cxb6 25. Nc7 Rc8 26. Ne6 Rxc1+ 27. Qxc1 Bf8
28. Nxf8 Kxf8 29. Nxf4 exf4 30. Qxf4+ Nf5 31. exf5 Rf6 32. Qb8+ Kf7 33. Rg1
Qxf5+ 34. Ka1 Rg6 35. Qxb7+ Kg8 36. Rc1 Rf6 37. Rc8+ Rf8 38. Rxf8+ Qxf8 39.
Qxb6 Qxf3 40. Qe6+ Kf8 41. d6 Qf7 42. Qc8+ Kg7 43. Qxa6 Qd5 44. Qa7+ Kh8 45.
Qb8+ Kg7 46. Qc7+ Kh8 47. b4 Qd1+ 48. Kb2 Qd2+ 49. Kb3 Qd5+ 50. Ka4 Qa8+ 51.
Kb5 Qxa3 52. d7 Qd3+ 53. Kb6 Qd4+ 54. Ka6 Qd3+ 55. Kb7 Qb5+ 56. Kc8 Qa6+ 57.
Qb7 Qc4+ 58. Kb8 Qf4+ 59. Ka8 1-0

[Event "Superettan(Burgsvik-Orebro)"]
[Site "?"]
[Date "2022.10.14"]
[Round "1"]
[White "Andersson, Tommy"]
[Black "Blomstrom, Lars"]
[Result "1-0"]
[WhiteElo "2379"]
[BlackElo "2113"]
[PlyCount "81"]
[SourceVersionDate "2022.10.30"]

1. d4 Nf6 2. c4 g6 3. f3 Bg7 4. e4 d6 5. Nc3 O-O 6. Be3 c5 7. d5 e6 8. Nge2
exd5 9. cxd5 Re8 10. Qd2 Nbd7 11. Ng3 h5 12. Bg5 h4 13. Nge2 h3 14. Ng3 Qa5 15.
gxh3 Ne5 16. Kf2 c4 17. Kg2 Bd7 18. f4 Nd3 19. Bxd3 cxd3 20. Qxd3 Nh7 21. Bh4
Rac8 22. Rhc1 Qb4 23. Rc2 f5 24. Re1 Rc4 25. Rce2 Bxc3 26. bxc3 Rxc3 27. Qb1
Qa4 28. exf5 Rxe2+ 29. Rxe2 Qxf4 30. Qe4 g5 31. Qxf4 gxf4 32. Re7 Nf8 33. Ne4
Rc2+ 34. Kf3 Bxf5 35. Nf6+ Kh8 36. Rf7 Rc8 37. Kxf4 Bc2 38. Kg5 Bb1 39. Bf2
Bxa2 40. Bd4 a5 41. Ng4+ 1-0

[Event "Superettan(Orgryte-Lulea)"]
[Site "?"]
[Date "2022.10.14"]
[Round "1"]
[White "Hovhannisyan, Hrayr"]
[Black "Eksmyr, Johan"]
[Result "1-0"]
[WhiteElo "2194"]
[BlackElo "2119"]
[PlyCount "148"]
[SourceVersionDate "2022.11.01"]

1. Nf3 d5 2. d4 Nf6 3. c4 e6 4. g3 Bb4+ 5. Bd2 Be7 6. Bg2 Ne4 7. Nc3 Nxd2 8.
Qxd2 O-O 9. Ne5 f6 10. Nf3 dxc4 11. e4 c6 12. O-O b5 13. a4 b4 14. Ne2 a5 15.
Qc2 c3 16. bxc3 c5 17. Nf4 g5 18. Ne2 Ra7 19. dxc5 Bxc5 20. cxb4 Bxb4 21. Nfd4
Rc7 22. Qb3 Qe8 23. Bh3 Re7 24. Rac1 Bd7 25. Nf5 Ref7 26. Nh6+ Kg7 27. Nxf7
Rxf7 28. Nd4 Re7 29. Qc4 h5 30. Nb5 g4 31. Bg2 Nc6 32. Rfd1 Ne5 33. Qe2 h4 34.
Rc7 Qh5 35. h3 hxg3 36. fxg3 Bxb5 37. Rxe7+ Bxe7 38. axb5 Nf3+ 39. Kh1 Bc5 40.
Rb1 Nd4 41. Qxg4+ Qxg4 42. hxg4 Bb6 43. e5 fxe5 44. Bc6 Kf6 45. Kg2 Kg5 46. Re1
Bc7 47. Rf1 Bb6 48. Kh3 Nc2 49. Rf8 Ne3 50. Be4 Bd4 51. Rg8+ Kf6 52. g5+ Kf7
53. Rc8 a4 54. Ra8 Nd1 55. Bc2 Nc3 56. Bxa4 e4 57. Bc2 e3 58. Bd3 e2 59. Bxe2
Nxe2 60. Ra6 Be5 61. b6 Nxg3 62. b7 Ne4 63. Kg4 Nf2+ 64. Kh5 Nd3 65. Ra8 Nf4+
66. Kg4 Nd3 67. b8=Q Bxb8 68. Rxb8 Kg6 69. Rg8+ Kf7 70. Rd8 Ne5+ 71. Kh5 Ng6
72. Rd7+ Ne7 73. g6+ Kf6 74. Rxe7 Kxe7 1-0

[Event "Superettan(Burgsvik-Orebro)"]
[Site "?"]
[Date "2022.10.14"]
[Round "1"]
[White "Ivraeus, Love"]
[Black "Tuvesson, Mats"]
[Result "1-0"]
[WhiteElo "2030"]
[BlackElo "2046"]
[PlyCount "87"]
[SourceVersionDate "2022.10.30"]

1. d4 Nf6 2. Nf3 c5 3. c3 e6 4. g3 b6 5. Bg2 Bb7 6. O-O Be7 7. Bf4 O-O 8. Nbd2
d5 9. Rc1 Nbd7 10. Re1 Nh5 11. Ne5 Nxf4 12. gxf4 f6 13. Ng4 Bd6 14. f5 exf5 15.
Ne3 Rc8 16. Nxf5 Bb8 17. e3 Kh8 18. Qg4 g6 19. Nh4 f5 20. Qh3 Kg7 21. f4 cxd4
22. cxd4 Nf6 23. Nhf3 Qe7 24. Ne5 Qb4 25. Ndf3 Rxc1 26. Rxc1 Qxb2 27. Rf1 Qa3
28. Ng5 Qd6 29. Kh1 h5 30. Qg3 Ng4 31. Rg1 h4 32. Qf3 Qe7 33. Nxg4 fxg4 34.
Qxg4 Bc8 35. Qxh4 Rh8 36. Qg3 Bf5 37. Bxd5 Rh5 38. e4 Rxg5 39. Qxg5 Bxe4+ 40.
Bxe4 Qxe4+ 41. Qg2 Qxf4 42. Qxg6+ Kf8 43. Qg8+ Ke7 44. Rg7+ 1-0

[Event "Superettan(Orgryte-Lulea)"]
[Site "?"]
[Date "2022.10.14"]
[Round "1"]
[White "Arnelind, Mikael"]
[Black "Pettersson, Tobias"]
[Result "1/2-1/2"]
[WhiteElo "2197"]
[BlackElo "2059"]
[PlyCount "100"]
[SourceVersionDate "2022.11.01"]

1. d4 d6 2. Nf3 Nf6 3. c4 g6 4. Nc3 Bg7 5. e4 O-O 6. Be2 e5 7. O-O Nc6 8. d5
Ne7 9. Ne1 Nd7 10. Nd3 f5 11. f3 f4 12. b4 a5 13. Ba3 axb4 14. Bxb4 b6 15. a4
Nf6 16. Nb5 Ne8 17. Nf2 g5 18. a5 bxa5 19. Rxa5 Rxa5 20. Bxa5 Bd7 21. Qc2 h5
22. c5 Bxb5 23. Bxb5 Qb8 24. Rb1 Qa7 25. Bb4 Nc8 26. Bd7 Qa8 27. cxd6 Ncxd6 28.
Bxe8 Rxe8 29. Qxc7 Qa2 30. Rf1 Nb5 31. Qc6 Rb8 32. Bd6 Nd4 33. Qd7 Rb1 34. Qe8+
Kh7 35. Qxh5+ Kg8 36. g3 Rxf1+ 37. Kxf1 Qa6+ 38. Kg2 Qxd6 39. Qxg5 Qa3 40. Qh5
Kf8 41. Qg4 fxg3 42. hxg3 Bf6 43. f4 Ke7 44. Qh5 Kd6 45. Qg6 Qf3+ 46. Kf1 Qe2+
47. Kg2 Qf3+ 48. Kf1 Qe2+ 49. Kg2 Qf3+ 50. Kf1 Qe2+ 1/2-1/2

[Event "Superettan(Burgsvik-Orebro)"]
[Site "?"]
[Date "2022.10.14"]
[Round "1"]
[White "Persson, Mats"]
[Black "Skoog, Daniel"]
[Result "1-0"]
[WhiteElo "2321"]
[BlackElo "2017"]
[PlyCount "133"]
[SourceVersionDate "2022.10.30"]

1. e4 c6 2. d4 d5 3. Nc3 dxe4 4. Nxe4 Bf5 5. Ng3 Bg6 6. h4 h6 7. Nh3 Nf6 8. Nf4
Bh7 9. c3 e6 10. Bc4 Bd6 11. Nfh5 O-O 12. Qf3 Nbd7 13. Be3 b5 14. Bb3 a5 15.
Qxc6 Bxg3 16. Nxg3 a4 17. Bd1 a3 18. b3 Rc8 19. Qxb5 Rxc3 20. Bf3 Nb6 21. Ne2
Rc2 22. Nf4 Nbd5 23. Nxd5 Nxd5 24. Bxd5 exd5 25. O-O Qxh4 26. Qxd5 Be4 27. Qe5
Qg4 28. Qh2 Qg6 29. Bf4 Rd8 30. Rfd1 Bf3 31. Rdc1 Rxc1+ 32. Rxc1 Rxd4 33. Qg3
Rxf4 34. Rc8+ Kh7 35. Qxg6+ Kxg6 36. gxf3 Rxf3 37. Ra8 Kf5 38. Rxa3 Rc3 39. Ra7
Ke6 40. b4 g5 41. a4 Rb3 42. b5 Rb4 43. Ra6+ Kd7 44. b6 Kc6 45. a5 Ra4 46. Ra7
Rb4 47. Rxf7 Rb5 48. Rc7+ Kd6 49. Rc8 Kd7 50. Rh8 Kc6 51. Rxh6+ Kb7 52. Rh7+
Kb8 53. Ra7 Rb3 54. Kg2 Rb2 55. Kg3 Rb4 56. f3 Rb3 57. Kg4 Rb5 58. Rg7 Rxa5 59.
Rxg5 Ra4+ 60. f4 Kb7 61. Rg6 Ra1 62. Rd6 Rf1 63. f5 Rf2 64. Kg5 Rf1 65. Kg6
Rg1+ 66. Kf7 Rf1 67. f6 1-0

[Event "Superettan(Orgryte-Lulea)"]
[Site "?"]
[Date "2022.10.14"]
[Round "1"]
[White "Hart, Alexander"]
[Black "Kumar, Rahul"]
[Result "1/2-1/2"]
[WhiteElo "2003"]
[BlackElo "2206"]
[PlyCount "66"]
[SourceVersionDate "2022.11.01"]

1. d4 d6 2. c4 e5 3. Nc3 exd4 4. Qxd4 Nc6 5. Qd2 Nf6 6. b3 g6 7. Bb2 Bg7 8. Nf3
O-O 9. g3 Re8 10. Bg2 Bf5 11. O-O Qd7 12. Rfe1 Ne4 13. Nxe4 Bxe4 14. Rad1 Qe7
15. Bxg7 Kxg7 16. Bh3 Bxf3 17. exf3 Qf6 18. f4 Rxe1+ 19. Rxe1 a5 20. Bg2 a4 21.
h4 axb3 22. axb3 Nd4 23. b4 Rb8 24. Qa2 b6 25. b5 Rc8 26. Bd5 Rd8 27. Qa7 Rd7
28. Re8 Re7 29. Rc8 Ne2+ 30. Kg2 Nxf4+ 31. gxf4 Qf5 32. Rxc7 Qg4+ 33. Kf1 Qd1+
1/2-1/2

[Event "Superettan(Burgsvik-Orebro)"]
[Site "?"]
[Date "2022.10.14"]
[Round "1"]
[White "Jonsson, Krister"]
[Black "Hakansson, Rustan"]
[Result "1-0"]
[WhiteElo "2011"]
[BlackElo "1955"]
[PlyCount "69"]
[SourceVersionDate "2022.10.30"]

1. d4 Nf6 2. c4 e6 3. Nf3 b6 4. Nc3 Ba6 5. Qa4 c6 6. g3 d5 7. cxd5 exd5 8. Bg2
b5 9. Qc2 b4 10. Na4 Bd6 11. O-O O-O 12. Bg5 h6 13. Bxf6 Qxf6 14. Rfe1 Bb5 15.
Nc5 Bxc5 16. Qxc5 Na6 17. Qc2 Rac8 18. Ne5 Rfd8 19. Rac1 c5 20. e4 dxe4 21.
Rxe4 Rc7 22. Ng4 Qg5 23. h4 Qg6 24. Ne5 Qd6 25. d5 Qxd5 26. Re3 Qxa2 27. Be4
Qa5 28. g4 c4 29. g5 hxg5 30. hxg5 Kf8 31. Rd1 Re8 32. Bd5 Ba4 33. Qh7 Bxd1 34.
Ng6+ fxg6 35. Qg8# 1-0

[Event "Superettan(Orgryte-Lulea)"]
[Site "?"]
[Date "2022.10.14"]
[Round "1"]
[White "Troberg Eskola, Love"]
[Black "Pousette, Gunnar"]
[Result "1/2-1/2"]
[WhiteElo "2027"]
[BlackElo "1995"]
[PlyCount "120"]
[EventDate "2022.??.??"]
[SourceVersionDate "2022.11.01"]

1. c4 c5 2. Nf3 Nf6 3. Nc3 Nc6 4. d4 cxd4 5. Nxd4 g6 6. e4 d6 7. Be2 Nxd4 8.
Qxd4 Bg7 9. Be3 O-O 10. Qd2 Re8 11. f3 Bd7 12. g4 Bc6 13. h4 e6 14. Bh6 Bh8 15.
O-O-O d5 16. exd5 exd5 17. cxd5 Nxd5 18. Nxd5 Bxd5 19. Qxd5 Rc8+ 20. Kb1 Qxd5
21. Rxd5 Rxe2 22. Rb5 b6 23. Rd1 Bg7 24. Bf4 h6 25. Rc1 Rd8 26. Rb3 Bf6 27.
Bxh6 Bxh4 28. Rc7 Rd1+ 29. Rc1 Rd7 30. Re3 Rxe3 31. Bxe3 Bf6 32. Rc8+ Kg7 33.
g5 Be5 34. Kc2 Rc7+ 35. Rxc7 Bxc7 36. Kd3 Kf8 37. Kc4 Ke7 38. Kb5 Kd7 39. Ka6
Kc6 40. Kxa7 b5 41. Ka6 Be5 42. b3 Bc3 43. Bb6 Bd2 44. Bd8 Bc3 45. Bf6 Bd2 46.
a4 bxa4 47. bxa4 Be3 48. a5 Bd2 49. Bd8 Be3 50. Bb6 Bxg5 51. Ka7 Bf4 52. a6 f5
53. Bd4 g5 54. Ka8 g4 55. fxg4 fxg4 56. Ba7 g3 57. Bb8 g2 58. Ba7 Bh2 59. Bd4
g1=Q 60. Bxg1 Bxg1 1/2-1/2

[Event "Superettan(Kamraterna-Rock., Sthlm II)"]
[Site "?"]
[Date "2022.10.14"]
[Round "1"]
[White "Bator, Robert"]
[Black "Hamark, Jesper"]
[Result "0-1"]
[WhiteElo "2353"]
[BlackElo "2348"]
[PlyCount "106"]
[SourceVersionDate "2022.10.31"]

1. e4 g6 2. d4 Bg7 3. Nf3 d6 4. Be2 Nf6 5. Nc3 O-O 6. O-O Nc6 7. d5 Nb8 8. Re1
Bg4 9. h3 Bxf3 10. Bxf3 c6 11. dxc6 bxc6 12. e5 dxe5 13. Rxe5 e6 14. Qxd8 Rxd8
15. Ra5 Nd5 16. Na4 Nd7 17. Bg5 Rdc8 18. c3 N7b6 19. Be2 Nxa4 20. Rxa4 Rcb8 21.
c4 Bxb2 22. cxd5 Bxa1 23. dxc6 Rb1+ 24. Kh2 Be5+ 25. f4 Bc7 26. Ba6 Rab8 27.
Bb7 R1xb7 28. cxb7 Rxb7 29. Bf6 Kf8 30. Rd4 Ke8 31. Kg3 Rb5 32. Kf3 Rf5 33. Bg5
Rd5 34. Rc4 Kd7 35. Ke3 Bb6+ 36. Ke2 Rd4 37. Rxd4+ Bxd4 38. Kd3 Bb2 39. Bh4 Bc1
40. Bf2 a6 41. g3 Kc6 42. Kc4 h5 43. Be1 h4 44. g4 Bxf4 45. Bxh4 f5 46. gxf5
gxf5 47. Bf6 Kd6 48. h4 e5 49. a4 e4 50. h5 Ke6 51. Bc3 Bh6 52. Be1 f4 53. Kd4
Kf5 0-1

[Event "Superettan(Vaxjo-Vasteras II)"]
[Site "?"]
[Date "2022.10.14"]
[Round "1"]
[White "Nordebrink, Johan"]
[Black "Solodovnichenko, Yuri"]
[Result "0-1"]
[WhiteElo "2089"]
[BlackElo "2518"]
[PlyCount "72"]
[SourceVersionDate "2022.11.01"]

1. e4 g6 2. d4 Bg7 3. Nc3 d6 4. g3 Nf6 5. Bg2 Nbd7 6. Nge2 O-O 7. O-O c5 8. h3
Rb8 9. Be3 b6 10. Qd2 Re8 11. g4 cxd4 12. Bxd4 Bb7 13. Ng3 Nf8 14. g5 Nh5 15.
Nxh5 Bxd4 16. Qxd4 gxh5 17. Nd5 e5 18. Qe3 Bxd5 19. exd5 Ng6 20. Kh2 Nf4 21.
Be4 Kh8 22. Rg1 Rg8 23. Rg3 Rg7 24. Rag1 Qe7 25. c4 Rbg8 26. Bb1 Rxg5 27. Qe4
f6 28. h4 f5 29. Qxf5 R5g6 30. Rg5 Rf8 31. Qc2 h6 32. Rxh5 Rxg1 33. Rxh6+ Kg8
34. Kxg1 Qg7+ 35. Rg6 Nxg6 36. Qxg6 Rf4 0-1